000 00380nam a2200157Ia 4500
008 230711s9999||||xx |||||||||||||| ||und||
041 _aENG
082 _a720
_bCO-H
100 _aCox,Anthony
245 0 _aHospitals and health care facilities
250 _a1st
260 _c1990
_aNew Delhi
_bButterworth-Heinemann Ltd
300 _a165
650 _aArchitecture
942 _cBK
999 _c2455
_d2455